Managing the Nigerian Economy in the twenty-first century: an essays in hour of professor Mike Idiahi Obadan (Record no. 32252)

MARC details
000 -LEADER
fixed length control field 00640nam a2200181Ia 4500
020 ## - INTERNATIONAL STANDARD BOOK NUMBER
ISBN 9789788534990
050 ## - CALL MARK
Classification number HD 87.N6 .M36/
100 ## - STATEMENT OF RESPONSIBILITY--MAIN AUTHOR NAME
Personal name Edited by Ben Aigbokhan; Samson Edo & Adeyemi Fajingbesi
245 #0 - TITLE STATEMENT
Title Managing the Nigerian Economy in the twenty-first century: an essays in hour of professor Mike Idiahi Obadan
260 ## - PUBLICATION, DISTRIBUTION, ETC. (IMPRINT)
Place of publication Benin
260 ## - PUBLICATION, DISTRIBUTION, ETC. (IMPRINT)
Name of publisher Mindex Publishing Co. Ltd.
260 ## - PUBLICATION, DISTRIBUTION, ETC. (IMPRINT)
Year of publication 2019
300 ## - PHYSICAL DESCRIPTION
Number of Pages 560 p
650 ## - SUBJECT ADDED ENTRY--TOPICAL TERM
Topical Term Obadan, Michael I. Economic policy--Nigeria. Economic Growth--Nigeria. Poverty--Prevention--Nigeria.
942 ## - ADDED ENTRY ELEMENTS (KOHA)
Koha item type Books
Holdings
Withdrawn status Lost status Source of classification or shelving scheme Damaged status Not for loan Permanent Location Current Location Date acquired Accession Number Price effective from Koha item type
    Library of Congress Classification     NILE UNIVERSITY OF NIGERIA - MAIN LIBRARY NILE UNIVERSITY OF NIGERIA - MAIN LIBRARY 04/23/2025 0195907 04/23/2025 Books